सागर विज्ञान / (Record no. 67019)

MARC details
000 -LEADER
fixed length control field 01086 aa a2200241 4500
005 - DATE AND TIME OF LATEST TRANSACTION
control field 20120522132449.0
010 ## - LCCN (DPL NO)
LC control number
020 ## - INTERNATIONAL STANDARD BOOK NUMBER
Terms of availability 125.00
International Standard Book Number 818583010x
035 ## - SYSTEM CONTROL NUMBER
System control number A-690213
035 ## - SYSTEM CONTROL NUMBER
System control number A-768888
037 ## - SOURCE OF ACQUISITION
Source of stock number/acquisition pub
082 ## - DEWEY DECIMAL CLASSIFICATION NUMBER
Classification number 551.46
100 ## - MAIN ENTRY--PERSONAL NAME
Personal name शर्मा, श्यामसुन्दर
245 ## - TITLE STATEMENT
Title सागर विज्ञान /
Statement of responsibility, etc श्यामसुन्दर शर्मा
246 ## - VARYING FORM OF TITLE
Title proper/short title
Remainder of title
260 ## - PUBLICATION, DISTRIBUTION, ETC. (IMPRINT)
Place of publication, distribution, etc दिल्ली
Name of publisher, distributor, etc सत्साहित्य प्रकाशन
Date of publication, distribution, etc 1994
270 ## - ADDRESS
Address
City
Postal code
300 ## - PHYSICAL DESCRIPTION
Extent 200पृ
Dimensions 22 सेमी (सजिल्द)
490 ## - SERIES STATEMENT
Series statement
-- 47708
942 ## - ADDED ENTRY ELEMENTS (KOHA)
Institution code [OBSOLETE] dpl
Item type Hindi Books
Call number prefix
Source of classification or shelving scheme Dewey Decimal Classification
Classification part 551.46
Call number suffix शर्माश्या
Holdings
Withdrawn status Lost status Not for loan Collection code Home library Current library Date acquired Cost, normal purchase price Full call number Barcode Cost, replacement price Koha item type Copy number
      Non-fiction Sarojini Nagar Sarojini Nagar 22/05/2012 125.00 551.46 शर्माश्या A-690213 125.00 Hindi Books  
      Non-fiction Sarojini Nagar Sarojini Nagar 22/05/2012 125.00 551.46 शर्माश्या A-768888   Hindi Books 125.00

© Delhi Public Library
Hit Counter
free hit counter